01851nam a2200385 a 4500003000900000005001700009007000300026008004100029020001800070020001800088040004200106082001500148245007700163250002000240260006000260300002100320490002900341500012700370504013200497505037900629650003101008650003201039650002901071700003701100700003501137700003401172700003401206700004401240700003201284700002901316700003601345700003001381700003301411830002101444AR-BeUNQ20251030181043.0ta230720s2021 ag gr 001 j spa d a9789874198327 a9789874198280 aAR-BaBNcAR-BaBNeaacrbspadAR-BeUNQ04aAr 863221 aCuentos fantásticos latinoamericanos /cJulio Cortázar ... [et al.]. a1a ed. especial a[Buenos Aires :bFactotum ;c2017].aMadrid :bPopular. a110 p. ;c22 cm.1 aPalabras Mayoresvno. 35 aColección Literaria para el Nivel Secundario del Plan Nacional de Lecturas del Ministerio de Educación de la Nación. aJulio Cortázar. Jorge Luis Borges. Manuel Rojas. Gabriel García Márquez. Alejo Carperntier. Octavio Paz. Silvina Ocampo. 0 aLa continuidad de los parques / Julio Cortázar -- El libro de arena / Jorge Luis Borges -- El hombre de la rosa / Manuel Rojas -- La excavasión / Augusto Roa Bastos -- El ahogado más hermoso del mundo / Gabriel García Márquez -- El guardagujas / Juan José Arreola -- Semejante a la noche / Alejo Carpentier -- Encuentro / Octavio Paz -- La soga / Silvina Ocampo. 7aLiteratura argentina2tell 7aCuentos fantásticos2tell 7aLiteratura juvenil2tell1 aArreola, Juan José,d1918-20011 aBorges, Jorge Luis,d1899-19861 aCarpentier, Alejo,d1904-19801 aCortázar, Julio,d1914-19841 aGarcía Márquez, Gabriel,d1927-20141 aOcampo, Silvina,d1903-19931 aPaz, Octavio,d1914-19981 aRoa Bastos, Augusto,d1917-20051 aRojas, Manuel,d1896-19731 aSalas, Hugo,d1976-epról. 0aPalabras Mayores